2023-24 NFL RECEIVING YARDS LEADERS - Statistics

General Stats
  • This quiz has been taken 150 times
  • The average score is 5 of 10
Answer Stats
Hint Answer % Correct
1799 Tyreek Hill
94%
1515 Amon-Ra St. Brown
73%
1456 A.J. Brown
68%
1749 CeeDee Lamb
63%
1486 Puka Nacua
56%
1255 Mike Evans
43%
1342 Brandon Aiyuk
37%
1364 DJ Moore
30%
1297 Nico Collins
26%
1250 Amari Cooper
22%
No matching quizzes found
Score Distribution
Percent of People with Each Score
Percentile by Number Answered
Your Score History
You have not taken this quiz